Statistics for Countries by Sports in 60 seconds with a Map

Click here to take the quiz!

General Stats

  • This quiz has been taken 1,554 times
    (380 since last reset)
  • The average score is 183 of 196

Answers on the Map

Answers color-coded by a green-red scale on the quiz's map according to % correct below.
Loading ...
 

Answer Stats

CountrySport% Correct
Albania | Algeria | Andorra | +146 othersSoccer | Football
100%
Australia | NauruAustralian Rules Football
97%
Bahamas | United StatesAmerican Football
97%
Canada | Finland | Latvia | SlovakiaIce Hockey
93%
Afghanistan | Antigua and Barbuda | Bangladesh | +11 othersCricket
88%
Cuba | Dominican Republic | Japan | +6 othersBaseball
74%
China | Lithuania | Philippines | SeychellesBasketball
72%
Fiji | Madagascar | New Zealand | +2 othersRugby Union
65%
Papua New GuineaRugby League
65%
Federated States of Micronesia | JamaicaAthletics
33%
MongoliaWrestling
31%
BhutanArchery
16%
ArmeniaChess
14%
MonacoMotorsport
14%

Score Distribution

Percentile by Number Answered

Percent of People with Each Score

Your Score History

You have not taken this quiz since the last reset